00430nam a2200145Ia 4500003000500000005001700005008004100022020003500063040001400098082001600112100002000128245007400148260003900222300002300261322820250314011013.0210817s9999 xx ed 000 1 AFR d a9781869041380qHardcover (hbk) aRDAc3228 aLP AF DUTO aDu Toit, Louisa 0aSy was ‘n somerdeelcLouisa du Toit; Omslagontwerp: Alida Carpenter aPretoriabJacklin Uitgersersc1981 a175 pages;c21 cm.